Central Library OPAC University of Rajshahi

The Romantic reviewers, 1802-1824 / (Record no. 21894)

MARC details
000 -LEADER
fixed length control field 00829nam a2200277 4500
001 - CONTROL NUMBER
control field 21894
003 - CONTROL NUMBER IDENTIFIER
rucl marc code BD-RjUL
005 - DATE AND TIME OF LATEST TRANSACTION
control field 20211209000737.0
008 - FIXED-LENGTH DATA ELEMENTS--GENERAL INFORMATION
fixed length control field 140305s1969 enk b 001 0 eng
020 ## - INTERNATIONAL STANDARD BOOK NUMBER
International Standard Book Number 0710060378
035 ## - SYSTEM CONTROL NUMBER
System control number (BD-RjUL)21959
040 ## - CATALOGING SOURCE
Original cataloging agency DLC
Transcribing agency DLC
Modifying agency DLC
-- BD-RjUL
Language of cataloging eng
041 ## - LANGUAGE CODE
Language code of text/sound track or separate title eng
082 00 - DEWEY DECIMAL CLASSIFICATION NUMBER
Classification number 801.950942
Author mark and year HAR
100 1# - MAIN ENTRY--PERSONAL NAME
Personal name Hayden, John O.
9 (RLIN) 67597
245 14 - TITLE STATEMENT
Title The Romantic reviewers, 1802-1824 /
Statement of responsibility, etc. John O. Hayden.
260 ## - PUBLICATION, DISTRIBUTION, ETC. (IMPRINT)
Place of publication, distribution, etc. London :
Name of publisher, distributor, etc. Routledge & Kegan Paul,
Date of publication, distribution, etc. 1969.
300 ## - PHYSICAL DESCRIPTION
Pagination ix, 450 p. ;
Size 24 cm.
350 ## - PRICE (NR) (BK AM CF MU VM SE) [OBSOLETE]
Price unpriced
504 ## - BIBLIOGRAPHY, ETC. NOTE
Bibliography, etc Bibliography: p. 299-313.
650 #0 - SUBJECT ADDED ENTRY--TOPICAL TERM
Topical term or geographic name as entry element English literature
Chronological subdivision 19th century
General subdivision History and criticism.
9 (RLIN) 67598
Topical term or geographic name as entry element English periodicals
General subdivision History.
9 (RLIN) 67599
Topical term or geographic name as entry element Criticism
Geographic subdivision Great Britain.
9 (RLIN) 67600
942 ## - ADDED ENTRY ELEMENTS (KOHA)
Source of classification or shelving scheme Dewey Decimal Classification
Koha item type Books
Holdings
Lost status Source of classification or shelving scheme Damaged status Not for loan Collection code Permanent Location Current Location Shelving location Date acquired Source of acquisition Cost, normal purchase price Total Checkouts Full call number Date last seen Copy number Koha item type
  Dewey Decimal Classification   Added to bundle Fiction Central Library, University of Rajshahi Central Library, University of Rajshahi Reading Room 28/02/1970 Zeit 56.00   801.950942 HAR 1969 05/03/2014 C-1 Books